000 00480cam a2200181 4500
001 D5919
008 090401t1970 xxu||||| |||| 00| 0 eng d
035 _a(Sirsi) u98233
041 _aeng
050 _a692.5023
110 _aInstitute of Quantity Surveyors Research Committee
_92501
245 4 _aThe quantity surveyor: a survey of some members of the profession
260 _aLondon
_bIQS
_c1970
300 _a99p. 30cm
350 _a0
942 _n0
948 _c04/03/1997
999 _c99128
_d99128